Immunology Ed 5 (Record no. 163017)
[ view plain ]
| 000 -LEADER | |
|---|---|
| fixed length control field | 00588nam a2200229Ia 4500 |
| 003 - CONTROL NUMBER IDENTIFIER | |
| control field | OSt |
| 005 - DATE AND TIME OF LATEST TRANSACTION | |
| control field | 20230617094234.0 |
| 008 - FIXED-LENGTH DATA ELEMENTS--GENERAL INFORMATION | |
| fixed length control field | 210423s2003 xx 000 0 und d |
| 020 ## - INTERNATIONAL STANDARD BOOK NUMBER | |
| International Standard Book Number | 71674754995 |
| 040 ## - CATALOGING SOURCE | |
| Transcribing agency | AL |
| 041 ## - LANGUAGE CODE | |
| Language code of text/sound track or separate title | eng |
| 082 ## - DEWEY DECIMAL CLASSIFICATION NUMBER | |
| Classification number | 616.079 GOLR |
| 100 ## - MAIN ENTRY--PERSONAL NAME | |
| Personal name | GOLDSBY (Richard A);KINDT (Thomas J);OSBORNE (Barbara A);KUBY (Janis) |
| 9 (RLIN) | 96513 |
| 245 ## - TITLE STATEMENT | |
| Title | Immunology Ed 5 |
| 250 ## - EDITION STATEMENT | |
| Edition statement | 5 |
| 260 ## - PUBLICATION, DISTRIBUTION, ETC. | |
| Place of publication, distribution, etc. | New York |
| Name of publisher, distributor, etc. | W H Freeman & Co. |
| Date of publication, distribution, etc. | 2003 |
| 300 ## - PHYSICAL DESCRIPTION | |
| Extent | xxiii,A1-i25 |
| Other physical details | PB |
| 365 ## - TRADE PRICE | |
| Price amount | 3020 |
| Currency code | INR |
| 650 ## - SUBJECT ADDED ENTRY--TOPICAL TERM | |
| Topical term or geographic name entry element | Immunology |
| 9 (RLIN) | 96514 |
| 906 ## - LOCAL DATA ELEMENT F, LDF (RLIN) | |
| a | Immunology |
| 942 ## - ADDED ENTRY ELEMENTS (KOHA) | |
| Source of classification or shelving scheme | Dewey Decimal Classification |
| Koha item type | Book |
| Withdrawn status | Lost status | Damaged status | Not for loan | Collection code | Home library | Current library | Date acquired | Source of acquisition | Cost, normal purchase price | Total Checkouts | Full call number | Barcode | Date last seen | Price effective from | Koha item type | Date last checked out | Total Renewals |
|---|---|---|---|---|---|---|---|---|---|---|---|---|---|---|---|---|---|
| Bio Technology | St Aloysius PG Library | St Aloysius PG Library | 01/27/2004 | Book World | 3020.00 | 616.079 GOLR | PG009512 | 08/24/2022 | 04/26/2021 | Reference | |||||||
| Bio Technology | St Aloysius PG Library | St Aloysius PG Library | 06/02/2016 | 616.079 GOLI | PG017712 | 08/24/2022 | 04/26/2021 | Book | |||||||||
| Bio Technology | St Aloysius PG Library | St Aloysius PG Library | 06/02/2016 | 1 | 616.079 GOLI | PG017713 | 08/24/2022 | 04/26/2021 | Book | 04/21/2022 | |||||||
| Bio Technology | St Aloysius PG Library | St Aloysius PG Library | 06/02/2016 | 6 | 616.079 GOLI | PG017714 | 03/03/2023 | 04/26/2021 | Book | 02/13/2023 | |||||||
| Bio Technology | St Aloysius PG Library | St Aloysius PG Library | 06/02/2016 | 616.079 GOLI | PG017715 | 08/24/2022 | 04/26/2021 | Book | |||||||||
| Bio Technology | St Aloysius PG Library | St Aloysius PG Library | 06/02/2016 | 2 | 616.079 GOLI | PG017716 | 08/24/2022 | 04/26/2021 | Book | 05/24/2022 | 1 | ||||||
| Bio Technology | St Aloysius PG Library | St Aloysius PG Library | 06/02/2016 | 2 | 616.079 GOLI | PG017717 | 08/24/2022 | 04/26/2021 | Book | 06/03/2022 | |||||||
| Bio Technology | St Aloysius PG Library | St Aloysius PG Library | 06/02/2016 | 3 | 616.079 GOLI | PG017718 | 03/04/2023 | 04/26/2021 | Book | 02/13/2023 | 1 | ||||||
| Bio Technology | St Aloysius PG Library | St Aloysius PG Library | 06/02/2016 | 1 | 616.079 GOLI | PG017719 | 08/24/2022 | 04/26/2021 | Book | 07/06/2022 | |||||||
| Bio Technology | St Aloysius PG Library | St Aloysius PG Library | 06/02/2016 | 1 | 616.079 GOLI | PG017720 | 08/24/2022 | 04/26/2021 | Book | 06/04/2022 | |||||||
| Bio Technology | St Aloysius PG Library | St Aloysius PG Library | 06/02/2016 | 616.079 GOLI | PG017721 | 08/24/2022 | 04/26/2021 | Book |